Derecho Notarial (Registro nro. 169024)

Detalles MARC
000 -LEADER
fixed length control field 02184nam a22002657a 4500
007 - PHYSICAL DESCRIPTION FIXED FIELD--GENERAL INFORMATION
fixed length control field cr|||| ||||
008 - FIXED-LENGTH DATA ELEMENTS--GENERAL INFORMATION
fixed length control field 201023s2011 do |||||s|||| 00||0 spa d
020 ## - INTERNATIONAL STANDARD BOOK NUMBER
International Standard Book Number 978-9945-8715-6-2
035 ## -
-- 32100
040 ## - CATALOGING SOURCE
Original cataloging agency vLex
090 ## -
-- 10788
-- 10788
100 1# - MAIN ENTRY--PERSONAL NAME
Personal name Rodríguez Carpio, Benjamín
245 10 - TITLE STATEMENT
Title Derecho Notarial
Medium [Recurso electrónico] :
Remainder of title Teoría - Práctica - Legislación Fiscal /
Statement of responsibility, etc Benjamín Rodríguez Carpio
250 ## -
-- 2da. Edición
256 ## -
-- Servicio en línea
260 ## - PUBLICATION, DISTRIBUTION, ETC. (IMPRINT)
Place of publication, distribution, etc Santo Domingo:
Name of publisher, distributor, etc Gaceta Judicial,
Date of publication, distribution, etc 2011
300 ## - PHYSICAL DESCRIPTION
Extent 1 recurso electrónico
500 ## - GENERAL NOTE
General note Presentada en un formato atractivo y de fácil lectura, esta obra es básicamente un estudio de la Ley del Notariado, No. 301 de 1964, en el que su autor procura resaltar aquellos aspectos de mayor interés sobre el ejercicio notarial en el medio jurídico dominicano. A fin de satisfacer las necesidades académicas y de consulta de abogados, estudiantes y aspirantes a notarios, se citan algunas leyes que se relacionan con cada artículo de la Ley del Notariado; se incluyen citas doctrinales y jurisprudenciales, así como 23 formularios usuales para la redacción de actos auténticos, tales como: “Acto de pública notoriedad para fines de determinación de herederos”, “Acto de estipulaciones y convenciones para divorcio por mutuo consentimiento”, “Doble Factura de Inscripción Hipotecaria”, “Acto de venta de derechos sucesorales sobre terrenos registrados”, “Acto de donación entre vivos”, “Consentimiento de los padres o abuelos para un menor contraer matrimonio”, entre otros.
506 1# - RESTRICTIONS ON ACCESS NOTE
Terms governing access Disponible solo en los productos indicados
Authorized users vLex Global
-- vLex Global (Academic Edition, excluding Law Schools)
-- vLex Global (U.S. Academic Edition, Law Schools)
-- vLex Global (U.S. Academic Edition, excluding Law Schools)
-- vLex Global (Academic Edition, Law Schools)
650 04 - SUBJECT ADDED ENTRY--TOPICAL TERM
Topical term or geographic name as entry element Resoluciones DG de los Registros y del Notariado
Geographic subdivision República Dominicana
740 0# -
-- vLex Libros (Servicio en línea)
856 40 - LOCALIZACIÓN Y ACCESO ELECTRÓNICO
Identificador Uniforme del Recurso (URI/URL) https://app.vlex.com/#/sources/derecho-notarial-teoria-practica-legislacion-fiscal-2da-edicion-32100
942 ## -
-- RAA
999 ## -
-- 169024
-- 169024

No hay ítems disponibles.


CONTACTO


NOSOTROS


SITIOS DE INTERES

coordinacion.biblioteca.biblioteca@unienlinea.mx Misión, Visión y Objetivos Bases de datos
Directorio Bibliotecas Digitales y Repositorios
Normatividad Revistas y artículos
Convenios interbibliotecarios
Boletines



Hecho en México. Universidad Insurgentes (UIN). Todos los derechos reservados 2024. Esta página y sus contenidos pueden ser reproducidos con fines no lucrativos, siempre y cuando no se mutile, se cite la fuente completa y su dirección electrónicas. De otra forma requiere permiso previo por escrito de la institución




2024 Copyright Universidad Insurgentes | www.bibliouin.com.mx